Catalog

Record Details

Catalog Search



Quantum Walks and Search Algorithms Cover Image E-book E-book

Quantum Walks and Search Algorithms [electronic resource] / by Renato Portugal.

Record details

  • ISBN: 9781461463368
  • Physical Description: XII, 222 p. 37 illus. online resource.
  • Publisher: New York, NY : Springer New York : 2013.
Subject: Physics.
Information theory.
Quantum theory.
Physics.
Quantum Physics.
Quantum Computing.
Theory of Computation.
Quantum Information Technology, Spintronics.

Electronic resources


LDR 01503nam a22004215i 4500
00123837
003CONS
00520130727074907.0
007cr nn 008mamaa
008130217s2013 xxu| s |||| 0|eng d
020 . ‡a9781461463368 ‡9978-1-4614-6336-8
0247 . ‡a10.1007/978-1-4614-6336-8 ‡2doi
035 . ‡a(DE-He213)978-1-4614-6336-8
050 4. ‡aQC173.96-174.52
072 7. ‡aPHQ ‡2bicssc
072 7. ‡aSCI057000 ‡2bisacsh
1001 . ‡aPortugal, Renato. ‡eauthor.
24510. ‡aQuantum Walks and Search Algorithms ‡h[electronic resource] / ‡cby Renato Portugal.
264 1. ‡aNew York, NY : ‡bSpringer New York : ‡bImprint: Springer, ‡c2013.
300 . ‡aXII, 222 p. 37 illus. ‡bonline resource.
336 . ‡atext ‡btxt ‡2rdacontent
337 . ‡acomputer ‡bc ‡2rdamedia
338 . ‡aonline resource ‡bcr ‡2rdacarrier
347 . ‡atext file ‡bPDF ‡2rda
4901 . ‡aQuantum Science and Technology
650 0. ‡aPhysics.
650 0. ‡aInformation theory.
650 0. ‡aQuantum theory.
65014. ‡aPhysics.
65024. ‡aQuantum Physics.
65024. ‡aQuantum Computing.
65024. ‡aTheory of Computation.
65024. ‡aQuantum Information Technology, Spintronics.
7102 . ‡aSpringerLink (Online service)
7730 . ‡tSpringer eBooks
77608. ‡iPrinted edition: ‡z9781461463351
830 0. ‡aQuantum Science and Technology
85640. ‡uhttp://biblioteca.ipicyt.edu.mx:2048/login?url=http://dx.doi.org/10.1007/978-1-4614-6336-8 ‡yTexto completo ‡9CONS
950 . ‡aPhysics and Astronomy (Springer-11651)
901 . ‡a23837 ‡b ‡c23837 ‡tbiblio ‡sSystem Local

Additional Resources